=LDR 00000nam 2200000 4500 =001 INLIS000000000017457 =005 20130612112649 =008 ***********************************Ind** =035 ##$$0010-061300000017457 =041 ##$$a Ind =082 ##$$a 614.599 944 9 =090 ##$$a 614.599 944 9, Lee s =100 ##$$a Lee, Kerrie =245 ##$$a Segala sesuatu tentang payudara, Korrie Lee =260 ##$$a 1998 $b Jakarta =300 ##$$a xiv, 110 hlm, ilus, 21 cm =650 ##$$a Payudara-Perawatan dan Kesehatan =850 ##$$a NBPNMAT